| 000 | 00385nam a22001697a 4500 | ||
|---|---|---|---|
| 999 |
_c6393 _d6391 |
||
| 005 | 20210904101341.0 | ||
| 008 | 200521b xxu||||| |||| 00| 0 eng d | ||
| 020 | _a9780141010205 | ||
| 041 | _aeng | ||
| 082 | _a901 CAR | ||
| 100 |
_aCarr,E H _95707 |
||
| 245 | _aWhat is History | ||
| 260 |
_aU.K _bPenguin Random House |
||
| 300 | _a177p. | ||
| 650 |
_aHistory _95708 |
||
| 942 | _cBK | ||